Detalles MARC
| 000 -LIDER |
| fixed length control field |
01268nam a2200337 a 4500 |
| 001 - NÚMERO DE CONTROL |
| Identificador de número de control |
000038517 |
| 003 - IDENTIFICACDOR DE NÚMERO DE CONTROL |
| control field |
DO-SdBNP |
| 005 - DATE AND TIME OF LATEST TRANSACTION |
| control field |
20180214105229.0 |
| 007 - CAMPOS FIJOS DE DESCRIPCIÓN FÍSICA |
| fixed length control field |
000038517 |
| 008 - ELEMENTOS DE LONGITUD FIJA |
| fixed length control field |
090716s1995 dr 000 0 spa d |
| 040 ## - FUENTE DE CATALOGACIÓN |
| Agencia que crea de manera original el registro |
BPMET |
| Idioma de catalogación |
spa |
| Agencia que realiza la transcripción |
BPMET |
| 092 ## - LOCALLY ASSIGNED DEWEY DECIMAL CALL NUMBER |
| Número de clasificación |
923.2 |
| Número de ítem (Cutter) |
G984h, 1995 |
| 100 1# - ASIENTO PRINCIPAL -- NOMBRE PERSONAL |
| Nombre personal |
Gutiérrez Félix, Euclides |
| 245 10 - MENCIÓN DE TITULO |
| Título |
Héroes y próceres americanos / |
| Mención de responsabilidad |
Euclides Gutiérrez Félix ;. |
| 260 ## - PUBLICACIÓN, DISTRIBUCIÓN, ETC. (PIE DE IMPRENTA) |
| Lugar de publicación, distribución, etc |
Santo Domingo : |
| Nombre del editor, distribuidor, etc. |
Secretaría de Estado de Educación, Bellas Artes y Cultos, |
| Fecha de publicación, distribución, etc |
1995. |
| 300 ## - DESCRIPCIÓN FÍSICA |
| Extensión |
118 p. ; |
| Dimensiones |
22 cm. |
| 500 ## - NOTA GENERAL |
| Nota general |
Incluye referencias bibliográficas y notas al pie de las páginas. |
| 504 ## - NOTA DE BIBLIOGRAFÍA, ETC. |
| Bibliography, etc |
Incluye referencias bibliografías (p.115-118) |
| 650 #4 - ENCABEZAMIENTO DE MATERIA--TEMÁTICO |
| Término temático o nombre geográfico como elemento de entrada |
REVOLUCIONARIOS |
| Subdivisión geográfica |
REPÚBLICA DOMINICANA |
| Subdivisión temática general |
BIOGRAFÍAS |
| 650 #4 - ENCABEZAMIENTO DE MATERIA--TEMÁTICO |
| Término temático o nombre geográfico como elemento de entrada |
HÉROES |
| Subdivisión geográfica |
REPÚBLICA DOMINICANA |
| Subdivisión temática general |
BIOGRAFÍAS |
| 650 #4 - ENCABEZAMIENTO DE MATERIA--TEMÁTICO |
| Término temático o nombre geográfico como elemento de entrada |
JEFES DE ESTADO |
| Subdivisión geográfica |
REPÚBLICA DOMINICANA |
| Subdivisión temática general |
BIOGRAFÍAS |
| 650 #4 - ENCABEZAMIENTO DE MATERIA--TEMÁTICO |
| Término temático o nombre geográfico como elemento de entrada |
HÉROES |
| Subdivisión geográfica |
AMÉRICA |
| Subdivisión temática general |
BIOGRAFÍAS |
| 651 #4 - ENCABEZAMIENTO DE MATERIA--NOMBRE GEOGRÁFICO |
| Nombre geográfico |
REPÚBLICA DOMINICANA |
| Subdivisión temática general |
BIOGRAFÍAS |
| 651 #4 - ENCABEZAMIENTO DE MATERIA--NOMBRE GEOGRÁFICO |
| Nombre geográfico |
AMÉRICA |
| Subdivisión temática general |
BIOGRAFÍAS |
| 930 #1 - EQUIVALENCE OR CROSS-REFERENCE-UNIFORM TITLE HEADING [LOCAL, CANADA] |
| Language of a work |
BND01 |
| Medium of performance for music |
LF1 |
| Field link and sequence number |
20130412 |
| Date of a work |
01 |
| Name of part/section of a work |
CT |
| Miscellaneous information |
36107 |
| 942 ## - ADDED ENTRY ELEMENTS (KOHA) |
| Source of classification or shelving scheme |
Dewey Decimal Classification |
| Koha item type |
Libros |
| 945 ## - INFORMACIÓN DE PROCESAMIENTO LOCAL |
| Información de procesamiento local |
Inventariado, 2018/ YL |
| 956 ## - LOCAL ELECTRONIC LOCATION AND ACCESS (OCLC) |
| Nombre de host |
YLOCKWARD |
| Número de acceso |
10 |
| Información de compresión |
20130412 |
| Trayectoria |
BPMSU |
| 956 ## - LOCAL ELECTRONIC LOCATION AND ACCESS (OCLC) |
| Nombre de host |
VMATEO |
| Número de acceso |
10 |
| Información de compresión |
20130510 |
| Inicio de sesión |
BND01 |
| Procesador de solicitud |
0928 |
| 956 ## - LOCAL ELECTRONIC LOCATION AND ACCESS (OCLC) |
| Nombre de host |
VMATEO |
| Número de acceso |
10 |
| Información de compresión |
20150908 |
| Inicio de sesión |
BPMSU |
| Procesador de solicitud |
00151 |